000 00491nam a22001697a 4500
999 _c40751
_d40751
003 OSt
005 20200606120144.0
008 191101b ||||| |||| 00| 0 eng d
020 _a8188078069
040 _cMESKC library
082 _a891.4391
_bAHM/J
100 _aAhmed, Naseem
_932
245 _aJafar ki Shayari /
_cNaseem Ahmed
260 _aDelhi :
_bAnandmoorthy Prakashan Grah,
_c2016
300 _a224p
942 _2ddc
_cBK
_h891.4391
_iAHM/J
_k891.4391
_mAHM/J